Welcome to WEB OPAC of MRSPTU Central Library

Management of Rural Development Analytical Approach (Record no. 7576)

MARC details
000 -LEADER
fixed length control field 00414nam a2200157Ia 4500
008 - FIXED-LENGTH DATA ELEMENTS--GENERAL INFORMATION
fixed length control field 230711s9999||||xx |||||||||||||| ||und||
020 ## - INTERNATIONAL STANDARD BOOK NUMBER
International Standard Book Number 81-7158-238-9
041 ## - LANGUAGE CODE
Language code of text/sound track or separate title ENG
082 ## - DEWEY DECIMAL CLASSIFICATION NUMBER
Classification number 630
Item number SA-M
100 ## - MAIN ENTRY--PERSONAL NAME
Personal name Saraf, Vinay Kumar
245 #0 - TITLE STATEMENT
Title Management of Rural Development Analytical Approach
260 ## - PUBLICATION, DISTRIBUTION, ETC.
Date of publication, distribution, etc. 1991
Place of publication, distribution, etc. New Delhi
Name of publisher, distributor, etc. Akashdeep publishing House
300 ## - PHYSICAL DESCRIPTION
Extent 318p.
650 ## - SUBJECT ADDED ENTRY--TOPICAL TERM
Topical term or geographic name entry element Agriculture
942 ## - ADDED ENTRY ELEMENTS (KOHA)
Koha item type Book
Holdings
Withdrawn status Lost status Damaged status Not for loan Collection Home library Current library Date acquired Total checkouts Full call number Barcode Date last seen Price effective from Koha item type
          MRSPTU Central Library MRSPTU Central Library     630 SA-M P2224 08/17/2023 08/17/2023 Book
          MRSPTU Central Library MRSPTU Central Library     630 SA-M P2225 08/17/2023 08/17/2023 Book
          MRSPTU Central Library MRSPTU Central Library     630 SA-M P2226 08/17/2023 08/17/2023 Book
          MRSPTU Central Library MRSPTU Central Library     630 SA-M P2227 08/17/2023 08/17/2023 Book
          MRSPTU Central Library MRSPTU Central Library     630 SA-M P2228 08/17/2023 08/17/2023 Book

Website Designed and Developed by MRSPTU Central Library Team

E-mail Id: librarian@mrsptu.ac.in